Coloniality of power and Eurocentrism in Latin America (Record no. 45167)

000 -LEADER
fixed length control field 00993pab a2200157 454500
008 - FIXED-LENGTH DATA ELEMENTS--GENERAL INFORMATION
fixed length control field 180718b2000 xxu||||| |||| 00| 0 eng d
100 ## - MAIN ENTRY--PERSONAL NAME
Personal name Quijano, Anibal
245 ## - TITLE STATEMENT
Title Coloniality of power and Eurocentrism in Latin America
260 ## - PUBLICATION, DISTRIBUTION, ETC.
Date of publication, distribution, etc. 2000
300 ## - PHYSICAL DESCRIPTION
Extent p.215-32
362 ## - DATES OF PUBLICATION AND/OR SEQUENTIAL DESIGNATION
Dates of publication and/or sequential designation Jun
520 ## - SUMMARY, ETC.
Summary, etc. The globalization of the world is, in the first place, the culmination of a process that began with the constitution of America and world capitalism as a Euro-centered colonial/modern world power. One of the foundations of that pattern of power was the social classification of the world population upon the base of the idea of race, a mental construct that expresses colonial experience and that pervades the most important dimensions of world power, including its specific rationality: Eurocentrism. This article discusses some implications of that coloniality of power in Latin American history. - Reproduced
650 ## - SUBJECT ADDED ENTRY--TOPICAL TERM
Topical term or geographic name entry element Capitalism
773 ## - HOST ITEM ENTRY
Main entry heading International Sociology
909 ## -
-- 45167
Holdings
Withdrawn status Lost status Damaged status Not for loan Permanent Location Current Location Date acquired Serial Enumeration / chronology Barcode Date last seen Price effective from Koha item type
        Indian Institute of Public Administration Indian Institute of Public Administration 2018-07-19 Volume no: 15, Issue no: 2 AR45589 2018-07-19 2018-07-19 Articles

Powered by Koha